| 000 -LEADER |
| fixed length control field |
01683nam a2200253 a 4500 |
| 003 - CONTROL NUMBER IDENTIFIER |
| control field |
AR-BaISA |
| 005 - DATE AND TIME OF LATEST TRANSACTION |
| control field |
20250207123121.0 |
| 007 - PHYSICAL DESCRIPTION FIXED FIELD--GENERAL INFORMATION |
| fixed length control field |
ta |
| 008 - FIXED-LENGTH DATA ELEMENTS--GENERAL INFORMATION |
| fixed length control field |
250207s2007 ag ado|f |||| 00| 0 spa d |
| 020 ## - INTERNATIONAL STANDARD BOOK NUMBER |
| International Standard Book Number |
978987962010 |
| 040 ## - CATALOGING SOURCE |
| Language of cataloging |
spa |
| Transcribing agency |
AR-BaISA |
| 082 ## - DEWEY DECIMAL CLASSIFICATION NUMBER |
| Edition number |
22 |
| Classification number |
616.302 31 L978 |
| 100 ## - MAIN ENTRY--PERSONAL NAME |
| 9 (RLIN) |
3559 |
| Personal name |
Lylyk, Pedro |
| Relator term |
aut. |
| 245 10 - TITLE STATEMENT |
| Title |
Ataque Cerebro Vascular: |
| Remainder of title |
rescate y prevención / |
| Statement of responsibility, etc. |
Pedro Lylyk, José Francisco Villa, Carlos Alberto Ingino |
| 260 ## - PUBLICATION, DISTRIBUTION, ETC. |
| Place of publication, distribution, etc. |
Buenos Aires: |
| Name of publisher, distributor, etc. |
Sinopsis, |
| Date of publication, distribution, etc. |
2007 |
| 300 ## - PHYSICAL DESCRIPTION |
| Extent |
188 p.: |
| Other physical details |
il., graf., fotos. |
| 504 ## - BIBLIOGRAPHY, ETC. NOTE |
| Bibliography, etc. note |
Bibliografía al final de cada capítulo |
| 505 ## - FORMATTED CONTENTS NOTE |
| Title |
Introducción al manejo del paciente con ataque cerebral -- |
| -- |
Rescate del paciente con ataque cerebro vascular -- |
| -- |
Imágenes en el diagnóstico del ataque cerebral -- |
| -- |
Rescate del paciente con ataque cerebro vascular isquémico antes de las 03.00 horas -- |
| -- |
Rescate del paciente con ataque cerebro vascular isquémico después de las 03.00 primeras horas -- |
| -- |
Rescate del ataque isquémico por arterias -- |
| -- |
Ataque cerebral isquémico: manejo de las complicaciones durante la internación -- |
| -- |
Manejo del paciente con ataque isquémico transitorio y ateromatosis intracraneal -- |
| -- |
Rescate del paciente con ataque cerebral hemorrágico -- |
| -- |
Manejo de la hemorragia -- |
| -- |
Rehabilitación y egreso -- |
| -- |
Prevención antes del ataque cerebral (I) -- |
| -- |
Prevención del ataque cerebral (II) -- |
| -- |
Prevención del ataque cerebral (III) |
| 650 14 - SUBJECT ADDED ENTRY--TOPICAL TERM |
| 9 (RLIN) |
3560 |
| Topical term or geographic name entry element |
Accidente Cerebro Vascular |
| Form subdivision |
diagnóstico |
| 650 14 - SUBJECT ADDED ENTRY--TOPICAL TERM |
| 9 (RLIN) |
3560 |
| Topical term or geographic name entry element |
Accidente Cerebro Vascular |
| Form subdivision |
tratamiento |
| 700 ## - ADDED ENTRY--PERSONAL NAME |
| 9 (RLIN) |
3561 |
| Personal name |
Vila, José Francisco |
| Relator term |
aut. |
| 700 ## - ADDED ENTRY--PERSONAL NAME |
| 9 (RLIN) |
3562 |
| Personal name |
Ingino, Carlos Alberto |
| Relator term |
aut. |
| 942 ## - ADDED ENTRY ELEMENTS (KOHA) |
| Source of classification or shelving scheme |
|
| Koha item type |
Libros |
| Edition |
22 |